Formel 1 - Die meisten Konstrukteurs-Grand Prix Siege pro Land - Statistiken

Allgemein
  • Dieses Quiz wurde 84 mal gespielt
  • Das Durchschnittsergebnis liegt bei 6 aus 8
Antwortstatistiken
Land Siege Antwort % Korrekt
Italien 248 Ferrari
100%
Großbritannien 203 McLaren
100%
Deutschland 135 Mercedes
100%
Österreich 130 Red Bull
100%
Frankreich 36 Renault
97%
Japan 3 Honda
76%
Irland 4 Jordan
41%
USA 5 Kurtis Kraft
1%
Keine übereinstimmenden Quizze gefunden
Verteilung der Resultate
Anzahl Personen mit jedem Resultat
Perzentil nach korrekt beantworteten Fragen
Ihre Resultats-Entwicklung
Sie haben dieses Quiz noch nicht gespielt